Szczegóły MARC21

Uzdrowiska i ich znaczenie w gospodarce turystycznej /

003 -Nazwa inst., której nr kontr. jest w polu 001 [,]
    • @
    • Nazwa instytucji, której n kontrolny jest w polu 001
    • NUKAT
005 -DATA I CZAS OSTATNIEJ MODYFIKACJI [,]
    • @
    • pole kontrolne
    • 20241231101628.0
020 -Międzynarod. znormalizowany nr książki - ISBN [ , ]
    • a
    • Numer ISBN
    • 9788360789278 Find
040 -Instytucja sporządzająca opis [ , ]
    • a
    • Instytucja, która sporządziła opis (NP)
    • KR 122/DP
    • c
    • Instytucja, która sporządziła rekord (NP)
    • KR 122/DP
    • d
    • Instytucja, która zmodyfikowała rekord (P)
    • KR 122/MN
    • d
    • Instytucja, która zmodyfikowała rekord (P)
    • KR 122/AKs
041 -Język dokumentu [0, ]
    • a
    • Język tekstu (P)
    • polski
    • b
    • Język streszczeń lub abstraktu (P)
    • angielski
942 -Rodzaj dokumentu [ , ]
    • c
    • Rodzaj dokumentu
    • Książka
245 -Strefa tytułu i oznaczenia odpowiedzialności [0,0]
    • a
    • Tytuł
    • Uzdrowiska i ich znaczenie w gospodarce turystycznej / Find
    • c
    • Pozostałe elementy strefy tytułu i oznaczenia odpowiedzialności (NP)
    • pod red. nauk. Adama R. Szromka.
260 -Strefa adresu wydawniczego [ , ]
    • a
    • Miejsce wydania (P)
    • Kraków :
    • b
    • Nazwa wydawcy (P)
    • Wydawnictwo "Proksenia",
    • c
    • Data wydania (P)
    • 2010.
300 -Strefa opisu fizycznego [ , ]
    • a
    • Określenie formy książki i/lub objętość (NP)
    • 280, [8] s. :
    • b
    • Oznaczenie ilustracji (NP)
    • il. ;
    • c
    • Format (NP)
    • 24 cm.
336 -Typ zawartości [ , ]
    • a
    • Termin opisujący typ zawartości
    • Tekst
    • b
    • Kod określający zawartość
    • txt
    • 2
    • Źródło (terminu i kodu)
    • rdacontent
337 -Typ mediów [ , ]
    • a
    • Tryb odtwarzania
    • Bez urządzenia pośredniczącego
    • b
    • Kod typu mediów
    • n
    • 2
    • Źródło (terminu i kodu)
    • rdamedia
338 -Typ/rodzaj nośnika [ , ]
    • a
    • Hasło opisujące typ nośnika
    • Wolumin
    • b
    • Kod typu nośnika
    • nc
    • 2
    • Źródło (terminu i kodu)
    • rdacarrier
490 -Strefa serii i książki wielotomowej - forma nie do wyszukiwania [1, ]
    • a
    • Tytuł (P)
    • Monografie o Tematyce Turystycznej ; Find
    • v
    • Numeracja (P)
    • 5
830 -Hasło dodatkowe serii i opisu książki wielotomowej - tytuł ujednolicony/tytuł [ ,0]
    • a
    • Tytuł ujednolicony/tytuł (NP)
    • Monografie o Tematyce Turystycznej
    • v
    • Oznaczenie tomu (NP)
    • 5
    • 9
    • KHW
    • 8367
504 -Uwaga dot. bibliogr. załącznikowej [ , ]
    • a
    • Uwaga dot. bibliografii załącznikowej
    • Bibliogr. przy pracach.
546 -Uwaga dot. języka [ , ]
    • a
    • Uwaga dot. języka
    • Wprowadzenie także pol. i ang., streszcz. prac ang.
080 -Uniwersalna Klasyfikacja Dziesiętna [ , ]
    • 2
    • Identyfikator wydania tablic
    • UDC-P058
    • 9
    • UKD
    • 9418
    • a
    • Symbol klasyfikacji
    • 338.48-6:615.8
    • b
    • Dopowiedzenie
    • Turystyka uzdrowiskowa (zdrowotna).
650 -Hasło przedmiotowe [ ,7]
    • a
    • Hasło przedmiotowe
    • Gospodarka regionalna
    • z
    • Określnik geograficzny
    • Polska
    • y
    • Określnik chronologiczny
    • 1990-.
    • 2
    • Źródło terminu
    • kaba
    • 9
    • KHW
    • 350741
650 -Hasło przedmiotowe [ ,7]
    • a
    • Hasło przedmiotowe
    • Uzdrowiska
    • z
    • Określnik geograficzny
    • Polska
    • x
    • Określnik rzeczowy
    • zarządzanie
    • y
    • Określnik chronologiczny
    • 1990-.
    • 2
    • Źródło terminu
    • kaba
    • 9
    • KHW
    • 381491
650 -Hasło przedmiotowe [ ,7]
    • a
    • Hasło przedmiotowe
    • Uzdrowiska
    • x
    • Określnik rzeczowy
    • aspekt ekonomiczny
    • z
    • Określnik geograficzny
    • Polska
    • y
    • Określnik chronologiczny
    • 1990-.
    • 2
    • Źródło terminu
    • kaba
    • 9
    • KHW
    • 381492
650 -Hasło przedmiotowe [ ,7]
    • a
    • Hasło przedmiotowe
    • Turystyka
    • x
    • Określnik rzeczowy
    • aspekt ekonomiczny
    • z
    • Określnik geograficzny
    • Polska
    • y
    • Określnik chronologiczny
    • 1990-.
    • 2
    • Źródło terminu
    • kaba
    • 9
    • KHW
    • 360623
980 -Symbol UKD [ , ]
    • a
    • UKD
    • 338.48-6:615.8
700 -Hasło dodatkowe - nazwa osobowa [1, ]
    • a
    • Nazwa osobowa (NP)
    • Szromek, Adam R. Find
    • e
    • Określenie rodzaju współpracy
    • Red.
    • 9
    • KHW
    • 19902
920 -ISBN [ , ]
    • a
    • ISBN
    • 978-83-60789-27-8 Find
Numer inwentarzowy Status udost. Data inwentaryzacji Lokalizacja Sygnatura
Z.11471412010-11-22BG 
WF.890212011-12-20BMTurystyka zdrowotna 03
TM.7587-22010-12-15T 
T.11169-22010-12-15T 
TM.9005-32013-04-04T 
TM.12569-32015-04-09TTM.12569
TM.14002-32018-05-08TTM.14002